Normal view
MARC view
- Web search engines.
Entry Topical Term
001 - CONTROL NUMBER
- control field: 811
003 - CONTROL NUMBER IDENTIFIER
- control field: OSt
005 - DATE AND TIME OF LATEST TRANSACTION
- control field: 20170503144959.0
008 - FIXED-LENGTH DATA ELEMENTS
- fixed length control field: 170503|| aca||aabn | a|a d
040 ## - CATALOGING SOURCE
- Original cataloging agency: OSt
- Transcribing agency: OSt
150 ## - HEADING--TOPICAL TERM
- Topical term or geographic name entry element: Web search engines.
670 ## - SOURCE DATA FOUND
- Source citation: Work cat.: (OSt): Cooper, Brian. 808, Searching the Internet, 2000

PORTAL AKMAL
E-MEL JKDM
AKMAL2U
G-BAM
u-PUSTAKA